MARC

LEADER 00000nam0a2200000 4500
001 192646
005 20231031181432.0
035 |a (RuTPU)RU\TPU\book\210065 
090 |a 192646 
100 |a 20110304d1955 km y0rusy50 ca 
101 0 |a rus 
102 |a RU 
105 |a a z 000zy 
200 1 |a Электрооборудование метизных заводов  |f Б. И. Маляревский, Л. М. Федосеев, С. М. Зудкин 
210 |a Москва  |d 1955 
215 |a 270 с.  |c ил. 
610 1 |a метизные заводы 
610 1 |a электрооборудование 
610 1 |a электромашинные усилители 
610 1 |a регулирование 
610 1 |a волочильные станы 
610 1 |a электроприводы 
610 1 |a схемы управления 
610 1 |a канатные цеха 
610 1 |a плющильные станы 
610 1 |a прокатные цехи 
610 1 |a проволока 
610 1 |a цинкование 
610 1 |a электрические печи сопротивления 
610 1 |a электрическая энергия 
610 1 |a удельные расходы 
610 1 |a нормирование 
675 |a 621.778.8  |v 3 
700 1 |a Маляревский  |b Б. И.  |g Борис Иванович 
701 1 |a Федосеев  |b Л. М.  |g Лев Митрофанович 
701 1 |a Зудкин  |b С. М.  |g Сергей Матвеевич 
801 1 |a RU  |b 63413507  |c 20110304 
801 2 |a RU  |b 63413507  |c 20111007  |g RCR 
942 |c BK